[Event "Zvenigorodskaya Open A"]
[Site "Zvenigorod RUS"]
[Date "2008.09.29"]
[Round "8"]
[White "Smirnov, P."]
[Black "Deviatkin, A."]
[Result "1/2-1/2"]
[WhiteElo "2592"]
[BlackElo "2567"]
[PlyCount "74"]
[EventDate "2008.09.25"]
[SourceDate "1999.07.01"]

1. e4 c6 2. d4 d5 3. Nc3 dxe4 4. Nxe4 Bf5 5. Ng3 Bg6 6. h4 h6 7. Nf3 Nd7 8. h5
Bh7 9. Bd3 Bxd3 10. Qxd3 e6 11. Bd2 Ngf6 12. O-O-O Qc7 13. Ne4 O-O-O 14. g3 Nc5
15. Nxc5 Bxc5 16. c4 Be7 17. Qc2 c5 18. Ne5 Bd6 19. Bc3 cxd4 20. Bxd4 Bxe5 21.
Bxe5 Qc5 22. Kb1 Rxd1+ 23. Rxd1 Rd8 24. Rxd8+ Kxd8 25. Bxf6+ gxf6 26. g4 Ke8
27. a3 a5 28. Ka2 f5 29. f3 fxg4 30. fxg4 a4 31. Qe4 Kf8 32. Kb1 b5 33. cxb5
Qxb5 34. Qd4 Ke7 35. Qf4 Qb3 36. Qc7+ Ke8 37. Qc8+ Ke7 1/2-1/2

[Event "38th Olympiad"]
[Site "Dresden GER"]
[Date "2008.11.14"]
[Round "2"]
[White "Borisek, J."]
[Black "Gustafsson, J."]
[Result "1/2-1/2"]
[WhiteElo "2548"]
[BlackElo "2634"]
[PlyCount "66"]
[EventDate "2008.11.13"]
[SourceDate "1999.07.01"]

1. e4 c6 2. d4 d5 3. f3 e6 4. Nc3 Bb4 5. Nge2 b6 6. a3 Bxc3+ 7. Nxc3 Ba6 8.
Bxa6 Nxa6 9. Bf4 Ne7 10. Qe2 Nc7 11. h4 h5 12. O-O-O Qd7 13. g4 O-O-O 14. Be5
Ne8 15. b3 Kb7 16. Kb2 Ng6 17. Bg3 Nd6 18. Qe3 Rh7 19. g5 Rhh8 20. Ne2 Qe7 21.
a4 Rd7 22. Nf4 Nxf4 23. Bxf4 Rhd8 24. Be5 Qf8 25. Rhg1 Nc8 26. exd5 exd5 27.
Qd3 Ne7 28. a5 Ng6 29. a6+ Kc8 30. Bg3 Re7 31. Rge1 Qe8 32. Qf5+ Re6 33. Rd3
Qd7 1/2-1/2

[Event "38th Olympiad"]
[Site "Dresden GER"]
[Date "2008.11.14"]
[Round "2"]
[White "Maze, S."]
[Black "Mahjoob, M."]
[Result "1/2-1/2"]
[WhiteElo "2577"]
[BlackElo "2507"]
[PlyCount "65"]
[EventDate "2008.11.13"]
[SourceDate "1999.07.01"]

1. e4 c6 2. d4 d5 3. Nd2 dxe4 4. Nxe4 Bf5 5. Ng3 Bg6 6. Nf3 Nd7 7. h4 h6 8. h5
Bh7 9. Bd3 Bxd3 10. Qxd3 e6 11. Bf4 Qa5+ 12. Bd2 Qc7 13. O-O-O Ngf6 14. Ne4
O-O-O 15. Kb1 Kb8 16. g3 Nxe4 17. Qxe4 Ka8 18. Qe2 Bd6 19. c4 Rhe8 20. Bc3 f5
21. b3 Nf6 22. Bb2 Qa5 23. Rd3 Ba3 24. Ne5 Bxb2 25. Kxb2 c5 26. Nf3 Ne4 27.
Rhd1 cxd4 28. Nxd4 a6 29. f4 Rxd4 30. Rxd4 Qc3+ 31. Ka3 Qa5+ 32. Kb2 Qc3+ 33.
Ka3 1/2-1/2

[Event "Russia Cup Final"]
[Site "Serpuhov RUS"]
[Date "2008.11.06"]
[Round "1.2"]
[White "Belov, Vl"]
[Black "Kornev, Alexei"]
[Result "1-0"]
[WhiteElo "2579"]
[BlackElo "2525"]
[PlyCount "69"]
[EventDate "2008.11.05"]
[SourceDate "1999.07.01"]

1. e4 c6 2. d4 d5 3. f3 e6 4. Nc3 Bb4 5. Bf4 b6 6. Nge2 Ba6 7. Qd2 Nf6 8. a3
Be7 9. g4 dxe4 10. fxe4 Nxg4 11. e5 Nd7 12. Ne4 c5 13. Rg1 f5 14. Ng5 Nf8 15.
h3 Nh6 16. O-O-O Qd7 17. d5 Bxg5 18. Bxg5 Nf7 19. Qe3 Nxg5 20. dxe6 Qxd1+ 21.
Kxd1 Ngxe6 22. Qf3 Rd8+ 23. Kc1 Ng6 24. Qxf5 Ke7 25. Nf4 Ngxf4 26. Bxa6 Rhf8
27. Qxh7 Rf7 28. Qe4 g5 29. Rh1 Nd4 30. Bc4 Nde6 31. Rd1 Rxd1+ 32. Kxd1 Kf8 33.
c3 Kg7 34. Kc2 Rf8 35. Qc6 1-0

[Event "Russia Cup Final"]
[Site "Serpuhov RUS"]
[Date "2008.11.08"]
[Round "2.2"]
[White "Belov, Vl"]
[Black "Bareev, E."]
[Result "1-0"]
[WhiteElo "2579"]
[BlackElo "2647"]
[PlyCount "47"]
[EventDate "2008.11.05"]
[SourceDate "1999.07.01"]

1. e4 c6 2. d4 d5 3. f3 e6 4. Nc3 b5 5. a3 Nf6 6. e5 Nfd7 7. f4 a5 8. Nf3 b4 9.
axb4 Bxb4 10. Bd3 c5 11. O-O cxd4 12. Nb5 Ba6 13. Bd2 Bxb5 14. Bxb4 Qb6 15. Bd6
Nc6 16. Ng5 g6 17. Qg4 h5 18. Qh4 Bxd3 19. cxd3 Qd8 20. Rac1 Rc8 21. Rc2 Na7
22. Rfc1 Rxc2 23. Rxc2 Nb5 24. Nxe6 1-0

[Event "38th Olympiad"]
[Site "Dresden GER"]
[Date "2008.11.22"]
[Round "9"]
[White "Cheparinov, I."]
[Black "Agrest, E."]
[Result "1/2-1/2"]
[WhiteElo "2696"]
[BlackElo "2574"]
[PlyCount "80"]
[EventDate "2008.11.13"]
[SourceDate "1999.07.01"]

1. e4 c6 2. d4 d5 3. Nc3 dxe4 4. Nxe4 Bf5 5. Ng3 Bg6 6. h4 h6 7. Nf3 Nd7 8. h5
Bh7 9. Bd3 Bxd3 10. Qxd3 e6 11. Bd2 Ngf6 12. O-O-O Be7 13. Ne4 Qc7 14. Nxf6+
Bxf6 15. g3 Qb6 16. c3 Qb5 17. c4 Qa6 18. Kb1 O-O-O 19. Qe2 Kb8 20. Bf4+ Ka8
21. Rhe1 c5 22. dxc5 Nxc5 23. Ne5 Na4 24. Qc2 Rxd1+ 25. Rxd1 Rc8 26. Qb3 Nb6
27. Qb5 Nxc4 28. Qxa6 bxa6 29. Nxc4 Rxc4 30. Rd7 Rb4 31. b3 Rb7 32. Bc7 Rb5 33.
g4 Rd5 34. Rxf7 Rd2 35. f4 Rb2+ 36. Kc1 Rg2 37. g5 hxg5 38. Be5 Rh2 39. Bxf6
gxf6 40. Rxf6 gxf4 1/2-1/2

[Event "38th Olympiad"]
[Site "Dresden GER"]
[Date "2008.11.22"]
[Round "9"]
[White "Chandler, M."]
[Black "Jobava, Ba"]
[Result "0-1"]
[WhiteElo "2515"]
[BlackElo "2664"]
[PlyCount "90"]
[EventDate "2008.11.13"]
[SourceDate "1999.07.01"]

1. e4 c6 2. d4 d5 3. exd5 cxd5 4. c4 Nf6 5. Nc3 e6 6. Nf3 Bb4 7. cxd5 Nxd5 8.
Qc2 Nc6 9. Bd3 h6 10. O-O O-O 11. a3 Bd6 12. Bh7+ Kh8 13. Be4 Nce7 14. Ne5 f6
15. Nf3 Bd7 16. Qe2 Rc8 17. Bd2 Qb6 18. Rab1 Be8 19. Rfe1 Bh5 20. Bd3 Bf4 21.
Nxd5 Nxd5 22. Bb4 Nxb4 23. axb4 f5 24. b5 Rfe8 25. h3 Bxf3 26. Qxf3 Qxd4 27.
Rbd1 Bc7 28. Rxe6 Rf8 29. Bxf5 Qc4 30. Qg4 Qc5 31. Rd7 Rf7 32. Rxc7 Qxc7 33.
Re1 Qc5 34. Bxc8 Qxf2+ 35. Kh2 Qxe1 36. Qd4 Qf2 37. Qxf2 Rxf2 38. Bxb7 Rxb2 39.
Bc6 Rb3 40. h4 g5 41. hxg5 hxg5 42. g3 Kg7 43. Kh3 Rb4 44. Kg2 Kf6 45. Kf3 Ke5
0-1

[Event "38th Olympiad"]
[Site "Dresden GER"]
[Date "2008.11.23"]
[Round "10"]
[White "Akopian, Vl"]
[Black "Solak, D."]
[Result "1-0"]
[WhiteElo "2679"]
[BlackElo "2595"]
[PlyCount "119"]
[EventDate "2008.11.13"]
[SourceDate "1999.07.01"]

1. e4 c6 2. d4 d5 3. Nc3 dxe4 4. Nxe4 Bf5 5. Ng3 Bg6 6. h4 h6 7. Nf3 Nd7 8. h5
Bh7 9. Bd3 Bxd3 10. Qxd3 e6 11. Bf4 Qa5+ 12. Bd2 Bb4 13. c3 Be7 14. c4 Qc7 15.
O-O-O Ngf6 16. Rhe1 b5 17. cxb5 cxb5+ 18. Kb1 O-O 19. Nf5 Rfe8 20. Nxe7+ Rxe7
21. Qxb5 Rb8 22. Qa6 Nxh5 23. d5 Qb7 24. Qxb7 Rxb7 25. Nd4 Nf8 26. dxe6 Nxe6
27. Nxe6 fxe6 28. Be3 Nf6 29. Rd8+ Kf7 30. Bc5 Rec7 31. Rf8+ Kg6 32. Bd4 Rc6
33. Ra8 Rd7 34. Be3 Ra6 35. a3 Nd5 36. Bc5 Nf4 37. Be3 Nd5 38. Bd4 Nc7 39. Rxa7
Rxd4 40. Rxa6 Nxa6 41. Rxe6+ Kf7 42. Rxa6 Rd2 43. Rc6 Rxf2 44. Rc2 Rf4 45. b4
Ke6 46. Ka2 g5 47. Kb3 g4 48. Rc4 Kf5 49. Rxf4+ Kxf4 50. b5 Ke5 51. Kc3 h5 52.
Kd3 h4 53. Ke3 Kd6 54. Kf4 h3 55. gxh3 gxh3 56. Kg3 Kc5 57. a4 Kb6 58. Kxh3 Ka5
59. Kg4 Kxa4 60. b6 1-0

[Event "38th Olympiad"]
[Site "Dresden GER"]
[Date "2008.11.23"]
[Round "10"]
[White "Kindermann, S."]
[Black "Khamrakulov, D."]
[Result "0-1"]
[WhiteElo "2517"]
[BlackElo "2533"]
[PlyCount "106"]
[EventDate "2008.11.13"]
[SourceDate "1999.07.01"]

1. e4 c6 2. d4 d5 3. exd5 cxd5 4. c4 Nf6 5. Nc3 e6 6. Nf3 Bb4 7. cxd5 Nxd5 8.
Qc2 Nc6 9. Bd3 h6 10. O-O Be7 11. Qe2 O-O 12. Rd1 Nf6 13. a3 Re8 14. Bf4 Bf8
15. Rac1 Bd7 16. Nb5 Nd5 17. Bg3 Qb6 18. Ne5 Nxe5 19. dxe5 Bxb5 20. Bxb5 Red8
21. Bd3 Rd7 22. h4 Rad8 23. Qe4 g6 24. h5 Ne7 25. hxg6 fxg6 26. Qe2 Rd4 27. Be4
Nf5 28. Bxf5 exf5 29. Rxd4 Rxd4 30. Rd1 f4 31. Rxd4 Qxd4 32. Qg4 g5 33. Qe6+
Kh8 34. Qf5 Qd1+ 35. Kh2 fxg3+ 36. Kxg3 Qd8 37. e6 Qc7+ 38. Kg4 Qf4+ 39. Qxf4
gxf4 40. Kxf4 Bd6+ 41. Kf5 Kg7 42. a4 Kf8 43. Kf6 Bc5 44. f4 Bd4+ 45. Kg6 Bxb2
46. f5 Ke7 47. Kxh6 a5 48. Kg6 Be5 49. g4 b5 50. axb5 a4 51. b6 a3 52. b7 a2
53. f6+ Ke8 0-1

[Event "38th Olympiad"]
[Site "Dresden GER"]
[Date "2008.11.23"]
[Round "10"]
[White "Megaranto, S."]
[Black "Iturrizaga, E."]
[Result "1/2-1/2"]
[WhiteElo "2536"]
[BlackElo "2538"]
[PlyCount "103"]
[EventDate "2008.11.13"]
[SourceDate "1999.07.01"]

1. e4 c6 2. d4 d5 3. exd5 cxd5 4. Bd3 Nc6 5. c3 Nf6 6. h3 e5 7. dxe5 Nxe5 8.
Nf3 Bd6 9. O-O O-O 10. Be3 Re8 11. Bb5 Nc6 12. Nbd2 Bf5 13. Nd4 Bd7 14. Re1 a6
15. Bd3 Qe7 16. N2f3 Ne4 17. c4 Nxd4 18. Bxd4 Bc6 19. cxd5 Bxd5 20. Bxe4 Bxe4
21. Nd2 Qh4 22. Nxe4 Rxe4 23. Rxe4 Qxe4 24. Bxg7 Rd8 25. Qh5 Bh2+ 26. Kxh2 Qf4+
27. Kg1 Rd2 28. Bd4 Qxd4 29. Qf3 Rxb2 30. Re1 Rb6 31. Qg3+ Kf8 32. a3 Qd5 33.
Qf4 Rg6 34. g3 Kg7 35. h4 Qd6 36. Qe3 Qf6 37. Qe4 h5 38. Re3 b5 39. Rf3 Qe6 40.
Qd4+ Rf6 41. Re3 Qd6 42. Qb2 Qd1+ 43. Kh2 Qd5 44. Kg1 Qd1+ 45. Kg2 Qd5+ 46. Kh2
Kg6 47. Re8 Qf3 48. Kg1 Qd1+ 49. Kg2 Qf3+ 50. Kg1 Qd1+ 51. Kg2 Qf3+ 52. Kg1
1/2-1/2

[Event "38th Olympiad"]
[Site "Dresden GER"]
[Date "2008.11.25"]
[Round "11"]
[White "Zhigalko, A."]
[Black "Berkes, F."]
[Result "1/2-1/2"]
[WhiteElo "2568"]
[BlackElo "2645"]
[PlyCount "60"]
[EventDate "2008.11.13"]
[SourceDate "1999.07.01"]

1. e4 c6 2. d4 d5 3. exd5 cxd5 4. c4 Nf6 5. Nc3 Nc6 6. Bg5 e6 7. Nf3 Be7 8. c5
O-O 9. Bb5 Ne4 10. Bxe7 Nxe7 11. Rc1 b6 12. c6 Qd6 13. O-O a6 14. Bd3 Nxc6 15.
Nxe4 dxe4 16. Bxe4 Bb7 17. Ne5 Rac8 18. Qd3 Rfd8 19. Bxc6 Bxc6 20. Qxa6 Qd5 21.
Nxc6 Rxc6 22. h3 g6 23. a4 Rxc1 24. Rxc1 Qxd4 25. Rc8 Rxc8 26. Qxc8+ Kg7 27.
Qc2 e5 28. Kf1 h5 29. g3 h4 30. gxh4 Qxh4 1/2-1/2

[Event "38th Olympiad"]
[Site "Dresden GER"]
[Date "2008.11.25"]
[Round "11"]
[White "Parligras, M."]
[Black "Mchedlishvili, M."]
[Result "1/2-1/2"]
[WhiteElo "2611"]
[BlackElo "2615"]
[PlyCount "70"]
[EventDate "2008.11.13"]
[SourceDate "1999.07.01"]

1. e4 c6 2. d4 d5 3. e5 Bf5 4. Nf3 e6 5. Be2 c5 6. Be3 cxd4 7. Nxd4 Ne7 8. c4
Nbc6 9. Qa4 a6 10. Nc3 dxc4 11. O-O-O Qc8 12. Nxf5 Nxf5 13. Bb6 Be7 14. g4 Nh4
15. Ne4 O-O 16. Nd6 Qb8 17. f4 c3 18. bxc3 Bd8 19. Qb3 Na5 20. Qb4 Bxb6 21.
Qxb6 Qd8 22. Qxd8 Raxd8 23. Rd4 Rd7 24. Rhd1 Rc7 25. Kb2 Ng6 26. Bf3 f6 27.
exf6 gxf6 28. Kc2 e5 29. Bd5+ Kh8 30. Ra4 Nc6 31. Bxc6 Rxc6 32. fxe5 b5 33. Re4
Nxe5 34. g5 Nf7 35. Nxf7+ Rxf7 1/2-1/2

[Event "38th Olympiad"]
[Site "Dresden GER"]
[Date "2008.11.25"]
[Round "11"]
[White "Vajda, Le"]
[Black "Arutinian, D."]
[Result "0-1"]
[WhiteElo "2582"]
[BlackElo "2584"]
[PlyCount "114"]
[EventDate "2008.11.13"]
[SourceDate "1999.07.01"]

1. e4 c6 2. d4 d5 3. exd5 cxd5 4. c4 Nf6 5. Nc3 e6 6. Nf3 Bb4 7. cxd5 Nxd5 8.
Bd2 Nc6 9. Bd3 O-O 10. O-O Be7 11. Qe2 Nf6 12. Be3 Nb4 13. Bc4 b6 14. Ne5 Bb7
15. Rfe1 Rc8 16. Bb3 Nbd5 17. Bd2 Nxc3 18. bxc3 Ne4 19. Bc2 Nxd2 20. Qxd2 g6
21. Bb3 Rc7 22. f4 Bf6 23. Re3 Bd5 24. Rae1 b5 25. Rh3 Bg7 26. Qf2 Re8 27. Bc2
Qe7 28. Ng4 b4 29. f5 Qg5 30. Rg3 Rxc3 31. Ne3 Qd8 32. fxg6 hxg6 33. Bxg6 fxg6
34. Rxg6 Rf8 35. Qg3 Qc7 36. Qg5 Rxe3 37. Qxe3 Bxa2 38. Rg4 Bd5 39. h4 Qf7 40.
Qg3 Kh7 41. Rc1 Qf6 42. Rc7 Rf7 43. h5 b3 44. h6 Bxh6 45. Qd3+ Kh8 46. Rc8+ Rf8
47. Rxf8+ Qxf8 48. Kh2 Bf4+ 49. Kg1 Bh6 50. Kh2 Qb8+ 51. Kh3 Qe8 52. Rh4 Qf8
53. Kh2 Qg7 54. Qd2 Kh7 55. Rh3 Qg6 56. Qf2 a5 57. Rg3 Qf5 0-1

[Event "38th Olympiad"]
[Site "Dresden GER"]
[Date "2008.11.25"]
[Round "11"]
[White "Djukic, Ni"]
[Black "Kasimdzhanov, R."]
[Result "1/2-1/2"]
[WhiteElo "2519"]
[BlackElo "2672"]
[PlyCount "128"]
[EventDate "2008.11.13"]
[SourceDate "1999.07.01"]

1. e4 c6 2. d4 d5 3. Nd2 dxe4 4. Nxe4 Bf5 5. Ng3 Bg6 6. h4 h6 7. Nf3 Nd7 8. Bd3
Bxd3 9. Qxd3 Ngf6 10. Bd2 e6 11. O-O-O Be7 12. Ne4 Nxe4 13. Qxe4 Nf6 14. Qe2
Qd5 15. c4 Qe4 16. Qxe4 Nxe4 17. Be3 Rd8 18. Rhe1 O-O 19. Re2 f5 20. g3 Bf6 21.
Nd2 Nd6 22. Bf4 g5 23. hxg5 hxg5 24. Be5 g4 25. Rh1 Bxe5 26. Rxe5 Rf6 27. Rhe1
Kf7 28. d5 cxd5 29. cxd5 exd5 30. Rxd5 Re6 31. Rxe6 Kxe6 32. Rd3 Rh8 33. Re3+
Kf6 34. Rd3 Rh1+ 35. Kc2 Nf7 36. f4 gxf3 37. Nxf3 Rh3 38. Nd4 Nd6 39. Rb3 Rh2+
40. Kc1 Rh7 41. Nb5 Nxb5 42. Rxb5 Rd7 43. Rc5 Kg5 44. Rc8 Rg7 45. Rf8 Kg4 46.
Kd2 Rg5 47. Rf7 b5 48. Rxa7 Kxg3 49. a4 bxa4 50. Rxa4 f4 51. Ra1 Kg2 52. Kc3 f3
53. Kc4 f2 54. b4 Kf3 55. Rf1 Rg1 56. Rxf2+ Kxf2 57. b5 Ke3 58. b6 Ke4 59. Kc5
Rg5+ 60. Kc6 Rg6+ 61. Kc7 Kd5 62. b7 Rg7+ 63. Kb6 Rxb7+ 64. Kxb7 Kd4 1/2-1/2

[Event "TCh-SLO"]
[Site "Murska Sobota SLO"]
[Date "2008.12.07"]
[Round "2"]
[White "Borisek, J."]
[Black "Lenic, L."]
[Result "1/2-1/2"]
[WhiteElo "2548"]
[BlackElo "2569"]
[PlyCount "29"]
[EventDate "2008.12.06"]
[SourceDate "1999.07.01"]

1. e4 c6 2. d4 d5 3. Nc3 dxe4 4. Nxe4 Bf5 5. Ng3 Bg6 6. N1e2 e6 7. Nf4 Bd6 8.
c3 Nf6 9. Be2 Qc7 10. Nfh5 Nxh5 11. Nxh5 Nd7 12. Bg5 Bf4 13. Bxf4 Qxf4 14. Qd2
Qxd2+ 15. Kxd2 1/2-1/2

[Event "Mediterranean Open"]
[Site "Rijeka CRO"]
[Date "2008.12.04"]
[Round "7"]
[White "Saric, Iv"]
[Black "Drazic, S."]
[Result "1-0"]
[WhiteElo "2516"]
[BlackElo "2528"]
[PlyCount "109"]
[EventDate "2008.11.29"]
[SourceDate "1999.07.01"]

1. e4 c6 2. d4 d5 3. Nc3 dxe4 4. Nxe4 Nf6 5. Nxf6+ exf6 6. c3 Bd6 7. Bd3 Nd7 8.
Ne2 Qc7 9. Qc2 Nf8 10. Be3 Bg4 11. Ng3 h5 12. h3 Be6 13. Ne4 Bf4 14. O-O-O
O-O-O 15. Rhe1 h4 16. Nc5 Rh5 17. Kb1 Kb8 18. Qa4 Bd6 19. Be2 Rh8 20. Nxe6 fxe6
21. d5 b5 22. Qa6 exd5 23. Bxb5 Ne6 24. Bxc6 Bc5 25. Rxd5 Qb6 26. Qxb6+ axb6
27. Bxc5 Nxc5 28. Rxd8+ Rxd8 29. Re8 Rxe8 30. Bxe8 Nd3 31. Bg6 Nxf2 32. Kc2 Kc7
33. a4 Nh1 34. Kd3 Ng3 35. b4 f5 36. c4 Kd6 37. Ke3 Ke5 38. a5 bxa5 39. bxa5
Ne4 40. a6 Nd6 41. c5 Nb5 42. Be8 Na7 43. Bd7 g5 44. Kf3 Kf6 45. c6 Nb5 46. a7
Nxa7 47. c7 Ke5 48. c8=Q Nxc8 49. Bxc8 Kf6 50. Ke3 Ke5 51. Bd7 Kf6 52. Kd4 g4
53. hxg4 h3 54. gxh3 fxg4 55. hxg4 1-0

[Event "TCh-SLO"]
[Site "Murska Sobota SLO"]
[Date "2008.12.13"]
[Round "8"]
[White "Kovacevic, A."]
[Black "Sedlak, N."]
[Result "1/2-1/2"]
[WhiteElo "2581"]
[BlackElo "2553"]
[PlyCount "38"]
[EventDate "2008.12.06"]
[SourceDate "1999.07.01"]

1. e4 c6 2. d4 d5 3. exd5 cxd5 4. c4 Nf6 5. Nc3 Nc6 6. Nf3 Bg4 7. cxd5 Nxd5 8.
Qb3 Bxf3 9. gxf3 e6 10. Qxb7 Nxd4 11. Bb5+ Nxb5 12. Qc6+ Ke7 13. Qxb5 Qd7 14.
Nxd5+ Qxd5 15. Qxd5 exd5 16. O-O Ke6 17. Re1+ Kf5 18. Rd1 Ke6 19. Re1+ Kf5
1/2-1/2

[Event "75th ch-BRA"]
[Site "Porto Alegre BRA"]
[Date "2008.12.14"]
[Round "9"]
[White "Fier, A."]
[Black "Milos, G."]
[Result "1/2-1/2"]
[WhiteElo "2581"]
[BlackElo "2593"]
[PlyCount "65"]
[EventDate "2008.12.07"]
[SourceDate "1999.07.01"]

1. e4 c6 2. d4 d5 3. e5 Bf5 4. Be3 e6 5. Nd2 Nd7 6. Nb3 Be7 7. Be2 f6 8. Nf3
fxe5 9. Nxe5 Nxe5 10. dxe5 Qc7 11. O-O O-O-O 12. Nd4 Qxe5 13. Nxf5 Qxf5 14.
Bxa7 Nf6 15. a4 Kd7 16. c4 Bd6 17. cxd5 exd5 18. Re1 Rhe8 19. Qb3 Kc8 20. a5
Rd7 21. Bf3 Rxe1+ 22. Rxe1 Qf4 23. g3 Qb4 24. Qc3 Qxc3 25. bxc3 Re7 26. Rd1 Be5
27. Bc5 Re8 28. Rc1 Nd7 29. Be3 Kc7 30. c4 d4 31. Bd2 Bd6 32. Kg2 Nc5 33. Rb1
1/2-1/2

[Event "8th Amplico AIG Life Rapid"]
[Site "Warsaw POL"]
[Date "2008.12.21"]
[Round "9"]
[White "Fedorchuk, S."]
[Black "Sumets, A."]
[Result "1/2-1/2"]
[WhiteElo "2603"]
[BlackElo "2545"]
[PlyCount "96"]
[EventDate "2008.12.20"]
[SourceDate "1999.07.01"]

1. e4 c6 2. d4 d5 3. Nd2 dxe4 4. Nxe4 Bf5 5. Ng3 Bg6 6. N1e2 Nf6 7. c3 e6 8.
Nf4 Bd6 9. h4 Bxf4 10. Bxf4 h6 11. h5 Bh7 12. Qb3 Qe7 13. Be2 O-O 14. O-O Nd5
15. Bd2 Qc7 16. c4 Nf6 17. Qe3 Nbd7 18. Bc3 Rfe8 19. Rad1 a6 20. Rfe1 Rac8 21.
b3 Qb8 22. Bf3 b5 23. Qc1 Qb6 24. Re3 a5 25. Ba1 Qa6 26. Rde1 a4 27. Be2 axb3
28. axb3 Qb6 29. Nf1 bxc4 30. bxc4 c5 31. Rg3 Kh8 32. d5 exd5 33. cxd5 c4 34.
Bc3 Qd6 35. Ne3 Nb6 36. Qa1 Ra8 37. Bxf6 gxf6 38. Qd4 Re4 39. Qb2 Na4 40. Qc1
c3 41. Bd3 Re5 42. Bxh7 Kxh7 43. Qc2+ Kh8 44. Ra1 Qb4 45. Ng4 Qe4 46. Qc1 Rg5
47. Nxf6 Qf5 48. Rxg5 hxg5 1/2-1/2

[Event "8th Amplico AIG Life Rapid"]
[Site "Warsaw POL"]
[Date "2008.12.21"]
[Round "12"]
[White "Mastrovasilis, D."]
[Black "Jaracz, P."]
[Result "1/2-1/2"]
[WhiteElo "2572"]
[BlackElo "2513"]
[PlyCount "60"]
[EventDate "2008.12.20"]
[SourceDate "1999.07.01"]

1. e4 c6 2. d4 d5 3. e5 Bf5 4. c4 e6 5. Nc3 Ne7 6. Nge2 Nd7 7. Ng3 Bg6 8. Be3
dxc4 9. Bxc4 Nb6 10. Bb3 Ned5 11. O-O Be7 12. Qf3 O-O 13. Nce4 Nd7 14. Rac1 a5
15. Nc3 N7b6 16. a4 Nd7 17. Nxd5 cxd5 18. Bc2 Nb8 19. Qe2 Nc6 20. Bxg6 fxg6 21.
Rc3 Qd7 22. Rfc1 Bd8 23. Qd3 Ra6 24. Rc5 Rb6 25. Rb5 Nb4 26. Qe2 Rc6 27. Rc3
Na2 28. Ra3 Nb4 29. Rc3 Na2 30. Ra3 Nb4 1/2-1/2

[Event "XXI Carlos Torre KO"]
[Site "Merida MEX"]
[Date "2008.12.17"]
[Round "1.2"]
[White "Quezada Perez, Y."]
[Black "Graf, A."]
[Result "1-0"]
[WhiteElo "2580"]
[BlackElo "2636"]
[PlyCount "81"]
[EventDate "2008.12.17"]
[SourceDate "1999.07.01"]

1. e4 c6 2. d4 d5 3. e5 Bf5 4. Nf3 e6 5. Be2 Nd7 6. O-O Bg6 7. Nbd2 Nh6 8. Ne1
f6 9. f4 c5 10. c3 cxd4 11. cxd4 Qb6 12. Ndf3 Be7 13. Qa4 Qb4 14. Qxb4 Bxb4 15.
Nd3 Be7 16. Be3 Rc8 17. Rac1 O-O 18. h3 Be4 19. g4 f5 20. g5 Nf7 21. h4 Rfe8
22. Kf2 Rb8 23. Rc7 Nb6 24. b3 Nd8 25. Rc3 Nc6 26. Nc5 Bxc5 27. Rxc5 Nb4 28.
Bd2 Nc6 29. Ke3 Rec8 30. Rfc1 Kf7 31. h5 Ke7 32. Ne1 Kd8 33. Nd3 Nd7 34. R5c3
Rc7 35. Nb4 Rbc8 36. Nxc6+ Rxc6 37. Rxc6 Rxc6 38. Rxc6 bxc6 39. Bb4 Bb1 40. h6
gxh6 41. gxh6 1-0

[Event "XXI Carlos Torre KO"]
[Site "Merida MEX"]
[Date "2008.12.19"]
[Round "3.2"]
[White "Ehlvest, J."]
[Black "Harikrishna, P."]
[Result "1-0"]
[WhiteElo "2581"]
[BlackElo "2659"]
[PlyCount "107"]
[EventDate "2008.12.17"]
[SourceDate "1999.07.01"]

1. e4 c6 2. d4 d5 3. exd5 cxd5 4. Bd3 Nc6 5. c3 Qc7 6. h3 Nf6 7. Nf3 g6 8. O-O
Bf5 9. Bxf5 gxf5 10. Re1 e6 11. c4 dxc4 12. Nc3 O-O-O 13. Qa4 Nd5 14. Qxc4 Kb8
15. Bg5 Be7 16. Nxd5 Rxd5 17. Bxe7 Nxe7 18. Qxc7+ Kxc7 19. Ng5 Rg8 20. Nxf7 Rg7
21. Rac1+ Kb8 22. Ne5 Rxd4 23. Rc4 Rd5 24. Nf3 Rd6 25. Rh4 Ng6 26. Rh6 Rb6 27.
b3 e5 28. g3 e4 29. Nh4 Ne5 30. Rxb6 axb6 31. Re3 Rf7 32. f3 Nxf3+ 33. Nxf3
exf3 34. Kf2 f4 35. Re8+ Kc7 36. g4 Rd7 37. h4 Rd3 38. Rh8 Re3 39. Rf8 Kd6 40.
Rxf4 Re2+ 41. Kxf3 Rxa2 42. Rf6+ Kc5 43. Rh6 Ra3 44. Rxh7 Rxb3+ 45. Kf4 b5 46.
Rxb7 Kc6 47. Rb8 Kc7 48. Re8 Rh3 49. h5 b4 50. Re4 b3 51. Rb4 Kc6 52. Kg5 Rd3
53. h6 Rd5+ 54. Kh4 1-0

[Event "XVIII Magistral"]
[Site "Elgoibar ESP"]
[Date "2008.12.18"]
[Round "8"]
[White "Korneev, O."]
[Black "Mirzoev, A."]
[Result "1-0"]
[WhiteElo "2623"]
[BlackElo "2567"]
[PlyCount "57"]
[EventDate "2008.12.12"]
[SourceDate "1999.07.01"]

1. e4 c6 2. d4 d5 3. e5 Bf5 4. h4 h5 5. Bg5 Qb6 6. Bd3 Bxd3 7. Qxd3 e6 8. Nf3
Qa6 9. Qd1 c5 10. Nc3 Nc6 11. Ne2 cxd4 12. O-O Be7 13. Nexd4 Bxg5 14. hxg5 Nge7
15. c3 g6 16. Re1 Nxd4 17. Nxd4 Nc6 18. Nxc6 Qxc6 19. Qf3 Rc8 20. Qf6 Rf8 21.
Re3 Qc5 22. c4 d4 23. Rd3 Qxc4 24. Rad1 Rd8 25. Rc3 Qd5 26. Rc7 Rd7 27. Rc8+
Rd8 28. Rdc1 Qd7 29. R8c7 1-0

[Event "IX Rapid Open"]
[Site "El Sauzal ESP"]
[Date "2008.11.01"]
[Round "5"]
[White "Tiviakov, S."]
[Black "Agrest, E."]
[Result "1-0"]
[WhiteElo "2686"]
[BlackElo "2574"]
[PlyCount "75"]
[EventDate "2008.11.01"]
[SourceDate "1999.07.01"]

1. e4 c6 2. d4 d5 3. Nd2 dxe4 4. Nxe4 Bf5 5. Ng3 Bg6 6. Bc4 e6 7. N1e2 Nf6 8.
Nf4 Bd6 9. Bb3 Nbd7 10. Qf3 a5 11. c3 a4 12. Nxg6 hxg6 13. Bc2 Qc7 14. a3 Ra5
15. Bd2 c5 16. dxc5 Nxc5 17. O-O Rb5 18. Rab1 Nb3 19. Rfd1 O-O 20. Be1 Rb6 21.
Nf1 Re8 22. g3 Nh7 23. Ne3 Be7 24. Qe2 Ra6 25. Qb5 Qc6 26. Qxc6 Rxc6 27. Bxb3
axb3 28. Rd7 b6 29. Rd3 Bg5 30. f4 Be7 31. Nf1 g5 32. Nd2 gxf4 33. gxf4 e5 34.
fxe5 Bc5+ 35. Kh1 Rxe5 36. Nxb3 Re2 37. Rd8+ Bf8 38. Nd4 1-0

[Event "Open A"]
[Site "Gjovik NOR"]
[Date "2009.01.05"]
[Round "7"]
[White "De Firmian, N."]
[Black "Mchedlishvili, M."]
[Result "1/2-1/2"]
[WhiteElo "2545"]
[BlackElo "2615"]
[PlyCount "33"]
[EventDate "2008.12.29"]
[SourceDate "1999.07.01"]

1. e4 c6 2. d4 d5 3. Nc3 dxe4 4. Nxe4 Bf5 5. Ng3 Bg6 6. h4 h6 7. Nf3 e6 8. Ne5
Bh7 9. Bd3 Bxd3 10. Qxd3 Nd7 11. Bf4 Nxe5 12. Bxe5 Qa5+ 13. c3 Nf6 14. O-O Be7
15. Ne4 O-O-O 16. Qf3 Nxe4 17. Qxe4 1/2-1/2

[Event "6th ch-Mediterranean"]
[Site "Antalya TUR"]
[Date "2009.01.13"]
[Round "4"]
[White "Parligras, M."]
[Black "Gelashvili, T."]
[Result "1/2-1/2"]
[WhiteElo "2605"]
[BlackElo "2622"]
[PlyCount "36"]
[EventDate "2009.01.11"]
[SourceDate "1999.07.01"]

1. e4 c6 2. d4 d5 3. Nc3 dxe4 4. Nxe4 Bf5 5. Ng3 Bg6 6. Nf3 Nd7 7. h4 h6 8. h5
Bh7 9. Bd3 Bxd3 10. Qxd3 e6 11. Bd2 Ngf6 12. O-O-O Be7 13. Ne4 Nxe4 14. Qxe4
Nf6 15. Qe2 Qd5 16. c4 Qe4 17. Qxe4 Nxe4 18. Be3 Rf8 1/2-1/2

[Event "6th ch-Mediterranean"]
[Site "Antalya TUR"]
[Date "2009.01.14"]
[Round "6"]
[White "Aroshidze, L."]
[Black "Gelashvili, T."]
[Result "1/2-1/2"]
[WhiteElo "2526"]
[BlackElo "2622"]
[PlyCount "39"]
[EventDate "2009.01.11"]
[SourceDate "1999.07.01"]

1. e4 c6 2. d4 d5 3. Nc3 dxe4 4. Nxe4 Bf5 5. Ng3 Bg6 6. h4 h6 7. Nf3 Nd7 8. h5
Bh7 9. Bd3 Bxd3 10. Qxd3 e6 11. Bf4 Ngf6 12. O-O-O Be7 13. Kb1 O-O 14. Ne4 Nxe4
15. Qxe4 Nf6 16. Qe2 Qd5 17. Ne5 Qe4 18. Qxe4 Nxe4 19. Rhe1 Nf6 20. g4 1/2-1/2